00603nam a2200229Ia 4500003000400000008004100004040001600045082001700061100001800078245007600096700002000172260005900192300000800251650001800259650001200277650000800289650001600297650001700313650001600330650001500346650001200361GCL140319s9999 xx 000 0 eng d aGCL / cGCL04aCCb932bL C1 aLACAU, PIERRE10aUNE CHAPELLE D'HATSHEPSOUT A'KARNAK TEXTE ET PLANCHES / cLACAU, PIERRE1 aCHEVRIER, HENRI a[S.N] : bSERVICE DES ANTIQUITES DE L'EGYPTE ، c1979 a46504aANCIENT EGYPT04aHISTORY04aART04aART- EGYPT04aARCHITECTURE04aARCHAEOLOGY04aEGYPTOLOGY04aTEMPLES